00549nai a2200133Ia 4500003000900000008004100009022002200050040001600072245006200088260008600150362002200236521006900258856008800327IN-BaIIA211028c9999 xx s 000 0 eng d a2223-6511 (Print) cIIA Library 0aIEEE Biometrics Compendium (virtual Journal)h[eJournal] aNew York, USAbThe Institute of Electrical and Electronics Engineers, Inc. (IEEE) a1; 2010 - Present bSubscribed through National Knowledge Resource Consortium (NKRC) uhttps://ieeexplore.ieee.org/virtual-journals/biocompyClick Here to Access eJournal